General system theory : foundations, development, applications
Saved in:
| Main Author: | |
|---|---|
| Format: | Book |
| Language: | English |
| Published: |
New York :
George Braziller,
c1968.
|
| Subjects: | |
| Tags: |
Add Tag
No Tags, Be the first to tag this record!
|
MARC
| LEADER | 00000cam a2200000 i 4500 | ||
|---|---|---|---|
| 001 | 1/299 | ||
| 008 | 950630s1968 nyu| ||| |||| ||eng|| | ||
| 020 | |a 0807604534 | ||
| 035 | |l 10014030 | ||
| 040 | |a GR-MyUA |b gre |e AACR2 | ||
| 041 | 0 | |a eng | |
| 082 | 7 | |a 001.53 |2 (21) | |
| 082 | 7 | |a 003 |2 (22) | |
| 100 | 1 | |a Bertalanffy, Ludwig von, |d 1901-1972. | |
| 245 | 1 | 0 | |a General system theory : |b foundations, development, applications / |c by Ludwig von Bertalanffy. |
| 260 | |a New York : |b George Braziller, |c c1968. | ||
| 300 | |a 295 σ. : |b πίν. ; |c 21 εκ. | ||
| 504 | |a Περιλαμβάνει βιβλιογραφία (σ. [260]-280) και ευρετήριο. | ||
| 650 | 0 | |a System theory. | |
| 767 | 0 | 8 | |i Μεταφρασμένο ως: |t Theorie generale des systemes / |
| 852 | |a INST |b LESVOS |e 19950630 |h 001.53 BER |p 005100008247 |q 005100008247 |t BK |y 0 | ||
| 852 | |a INST |b SYROS |e 20020409 |h 003 BER |p 005500000518 |q 005500000518 |t BK |y 0 | ||
| 852 | |a INST |b SYROS |e 20050211 |h 003 BER |p 005500004229 |q 005500004229 |t BK |y 0 | ||
| 901 | |a BIBL5-2005-1 | ||
| 901 | |a BIBL5-2002-1 | ||
| 920 | |a ΔΙΕΥΡΥΝΣΗ |b ΕΠΕΑΕΚ-ΤΜΣΠΣ |y Σύρος |z 2004-10 | ||
| 922 | |a 1ΕΛΗ |b 198907 |c ΠΠ/8714 | ||
| 970 | |a ΚΟΝΤΟΥ |b ΠΑΡΑΣΚΕΥΗ |z 2005/02/11 | ||